Microeconomics / (Record no. 8247)
[ view plain ]
| 000 -LEADER | |
|---|---|
| fixed length control field | 00598nam a2200181 4500 |
| 008 - FIXED-LENGTH DATA ELEMENTS--GENERAL INFORMATION | |
| fixed length control field | 180105b xxu||||| |||| 00| 0 eng d |
| 020 ## - INTERNATIONAL STANDARD BOOK NUMBER | |
| International Standard Book Number | 003020397x |
| 082 ## - DEWEY DECIMAL CLASSIFICATION NUMBER | |
| Edition number | 1988 |
| Classification number | DC 338.5 |
| Item number | D69 |
| 100 ## - MAIN ENTRY--PERSONAL NAME | |
| 9 (RLIN) | 25517 |
| Personal name | Dolan, Edwin G., author. |
| 245 ## - TITLE STATEMENT | |
| Title | Microeconomics / |
| Statement of responsibility, etc. | Edwin G Dolan, David E Lindsey. |
| 250 ## - EDITION STATEMENT | |
| Edition statement | Fifth edition. |
| 260 ## - PUBLICATION, DISTRIBUTION, ETC. (IMPRINT) | |
| Place of publication, distribution, etc. | Chicago : |
| Name of publisher, distributor, etc. | Dryden Press, |
| Date of publication, distribution, etc. | ©1988. |
| 300 ## - PHYSICAL DESCRIPTION | |
| Extent | xxiv, 519 pages : |
| Other physical details | illustrations ; |
| Dimensions | 26 cm. |
| 500 ## - GENERAL NOTE | |
| General note | Includes bibliographical references and index. |
| 650 #0 - SUBJECT ADDED ENTRY--TOPICAL TERM | |
| 9 (RLIN) | 25518 |
| Topical term or geographic name as entry element | Microeconomics |
| 700 ## - ADDED ENTRY--PERSONAL NAME | |
| 9 (RLIN) | 25519 |
| Personal name | Lindsey, David E., author. |
| 942 ## - ADDED ENTRY ELEMENTS (KOHA) | |
| Source of classification or shelving scheme | Dewey Decimal Classification |
| Koha item type | Circulation |
| Withdrawn status | Lost status | Source of classification or shelving scheme | Damaged status | Not for loan | Collection code | Home library | Current library | Date acquired | Source of acquisition | Total Checkouts | Full call number | Barcode | Date last seen | Copy number | Price effective from | Koha item type |
|---|---|---|---|---|---|---|---|---|---|---|---|---|---|---|---|---|
| Dewey Decimal Classification | Circulation | UM Digos College - LIC | UM Digos College - LIC | Purchased | DC 338.5 D69 1988 | 11867 | 05/15/2025 | 1 | 01/05/2018 | Circulation |
